LIBRARY ONLINE CATALOGUE

International law / (Record no. 11699)

MARC details
000 -LEADER
fixed length control field 00810cam a22002532 4500
001 - CONTROL NUMBER
control field 0000025427
005 - DATE AND TIME OF LATEST TRANSACTION
control field 20151217154539.0
008 - FIXED-LENGTH DATA ELEMENTS--GENERAL INFORMATION
fixed length control field 150915s xx 000 0 eng d
020 ## - INTERNATIONAL STANDARD BOOK NUMBER
International Standard Book Number 0199654673 :
040 ## - CATALOGING SOURCE
Original cataloging agency KABU
Transcribing agency KABU
245 10 - TITLE STATEMENT
Title International law /
Statement of responsibility, etc. edited by Malcolm D. Evans.
250 ## - EDITION STATEMENT
Edition statement 4th ed.
260 ## - PUBLICATION, DISTRIBUTION, ETC. (IMPRINT)
Place of publication, distribution, etc. Oxford :
Name of publisher, distributor, etc. O.U.P,
Date of publication, distribution, etc. 2014.
300 ## - PHYSICAL DESCRIPTION
Extent lxxiii, 873 p.
650 #0 - SUBJECT ADDED ENTRY--TOPICAL TERM
Topical term or geographic name as entry element International law.
-- 0000158696
700 1# - ADDED ENTRY--PERSONAL NAME
Personal name Evans, Malcolm D.
-- 0000182390
908 ## - PUT COMMAND PARAMETER (RLIN)
Put command parameter 150915
950 ## - LOCAL HOLDINGS (RLIN)
-- 1
Holdings
Withdrawn status Lost status Source of classification or shelving scheme Damaged status Not for loan Home library Current library Date acquired Total Checkouts Full call number Barcode Date last seen Date last checked out Price effective from Koha item type
  Lost Library of Congress Classification     Kabarak, Main Campus Kabarak, Main Campus 17/12/2015 1 KZ1242 .I58 2014 C.1 020294 23/05/2016 23/05/2016 17/12/2015 General Collection
    Library of Congress Classification     Kabarak, Main Campus Kabarak, Main Campus 17/12/2015 14 KZ1242 .I58 2014 C.4 020291 19/02/2022 04/02/2022 17/12/2015 General Collection
    Library of Congress Classification     Kabarak, Main Campus Kabarak, Main Campus 17/12/2015 3 KZ1242 .I58 2014 C.3 020293 02/07/2018 19/05/2018 17/12/2015 General Collection
    Library of Congress Classification     Kabarak, Main Campus Kabarak, Main Campus 17/12/2015 9 KZ1242 .I58 2014 C.2 020292 07/10/2022 22/10/2019 17/12/2015 General Collection
    Library of Congress Classification     Kabarak, Main Campus Kabarak, Main Campus 17/12/2015 17 KZ1242 .I58 2014 C.5 020295 14/02/2024 09/02/2024 17/12/2015 General Collection